000 00517nam a2200181Ia 4500
005 20250508151744.0
008 008 250505s9999 xx 000 0 hin d
037 _aTextual
040 _aFEDL
_beng
_cFEDL
041 _ahin
_2hin
084 _a491.438, GUP
_qFEDL
100 _aGupt Amar Nath
_9759904
245 0 _aHindi gadhya nirmata
260 _aAllahabad, India
_bRam Narayan Lal Publishers and Book Seller
300 _a116p.
942 _cTEXL
_h491.438, GUP
999 _c1331938
_d1331938